00403nam a2200157Ia 450000500170000000800410001704100120005808200150007010000120008524500470009725000080014426000330015250000080018565000370019370000150023020240823010052.0240823s9999||||xx |||||||||||||| ||und|| aENGLISH A658.406 N9 aRao M G 0aOrganization Design Change and Development a1st c1999b"Discovery, New Delhi" aYES aorganizationbManagement Studies a Rao V S P